000 00335pab a2200145 454500
008 180718b88-9 xxu||||| |||| 00| 0 eng d
100 _aAllen, Jodie T.
245 _aThe first 100 days
260 _c88-9
300 _a44-6
362 _aWinter
650 _aPublic Administration - U.S.A.
773 _aBureaucrat
909 _a16917
999 _c16917
_d16917